000 00707nam a2200229Ia 4500
003 GCL
008 140319s9999 xx 000 0 ara d
040 _aGCL /
_cGCL
082 0 4 _a581.4
_bم م
100 1 _aمحمد عبدو والعودات
245 1 0 _aموفولوجيا النبات وتشرحة /
_cمحمد عبدو والعودات
700 1 _aعبدالله بن رشيد الدعيجى
260 _a[S.N] :
_bمطابع جامعة الملك سعود ،
_c1992
300 _a567
490 _a
650 0 4 _aالبيئة
650 0 4 _aالنبات
650 0 4 _aالجغرافيا الحيوية
650 0 4 _aتشريح
650 0 4 _aالمورفولوجيا
942 _2ddc
_cBK
999 _c30054
_d30054